[Event "5th Tungsram it"]
[Site "Baden bei Wien AUT"]
[Date "1980.11.02"]
[Round "5"]
[White "Stean, Michael Francis"]
[Black "Liberzon, Vladimir"]
[Result "1-0"]
[WhiteElo "2530"]
[BlackElo "2545"]
[EventDate "1980.10.27"]
[PlyCount "115"]

1.Nf3 Nf6 2.c4 c5 3.Nc3 Nc6 4.d4 cxd4 5.Nxd4 e6 6.Bf4 d5 7.Ndb5 e5 8.cxd5 
exf4 9.dxc6 bxc6 10.Qxd8+ Kxd8 11.Rd1+ Bd7 12.Nd6 Rb8 13.Nxf7+ Ke8 14.Nxh8
Rxb2 15.Rd4 Bb4 16.Rxb4 Rxb4 17.g3 Kf8 18.gxf4 Rxf4 19.Rg1 Kg8 20.Ng6 hxg6
21.Rxg6 Rh4 22.Bg2 Rxh2 23.Bf3 Rh4 24.Rg5 Rc4 25.Kd2 c5 26.e3 Be6 27.Re5 
Bg4 28.Bg2 Rb4 29.Kc2 Bh5 30.Rxc5 Bg6+ 31.Kc1 Rg4 32.Bf3 Rg1+ 33.Kd2 Rf1 
34.Ke2 Ra1 35.Ra5 Rc1 36.Nd5 Rc2+ 37.Kf1 Bf7 38.Nb4 Rc7 39.Nc6 Bc4+ 40.Kg2
a6 41.Ne5 Bb5 42.a4 Be8 43.Rxa6 Rc5 44.Nc6 Rc2 45.Nd4 Rc1 46.a5 Ra1 47.Ra8
Kh7 48.Ra7 Bd7 49.Nb3 Ra2 50.Nc5 Bg4 51.a6 Kh6 52.Rc7 Bxf3+ 53.Kxf3 Nd5 
54.Rd7 Nc3 55.Rd3 Nb5 56.Rb3 Nc7 57.Rb7 Nd5 58.a7 1-0

[Event "5th Tungsram it"]
[Site "Baden bei Wien AUT"]
[Date "1980.11.04"]
[Round "7"]
[White "Adorjan, Andras"]
[WhiteElo "2550"]
[Black "Van der Wiel, John"]
[BlackElo "2465"]
[Result "1/2-1/2"]
[EventDate "1980.10.27"]
[PlyCount "26"]

1.c4 Nf6 2.Nc3 e6 3.e4 d5 4.e5 Ne4 5.Nf3 Nc6 6.cxd5 exd5 7.Bb5 Be7 8.Qa4 
Nc5 9.Bxc6+ Kf8 10.Qc2 bxc6 11.d4 Ne6 12.O-O g5 13.Be3 h5 1/2-1/2

[Event "5th Tungsram it"]
[Site "Baden bei Wien AUT"]
[Date "1980.11.??"]
[Round "10"]
[White "Nunn, John Denis Martin"]
[WhiteElo "2515"]
[Black "Miles, Anthony John"]
[BlackElo "2545"]
[Result "1-0"]
[EventDate "1980.10.27"]
[PlyCount "83"]

1.e4 c5 2.Nf3 d6 3.d4 cxd4 4.Nxd4 Nf6 5.Nc3 g6 6.g3 Nc6 7.Nde2 Bg7 8.Bg2 
Rb8 9.a4 a6 10.O-O b5 11.axb5 axb5 12.Nd5 O-O 13.Bg5 Nd7 14.Qc1 Nc5 15.b4 
Ne6 16.Bh6 Ned4 17.Nxd4 Nxd4 18.Kh1 Bxh6 19.Qxh6 Nxc2 20.Rac1 Nd4 21.Rc7 
Bd7 22.f4 f5 23.e5 Rf7 24.Rd1 Ne6 25.Ra7 Nf8 26.Qh4 Kg7 27.Nc7 Rc8 28.exd6
exd6 29.Qxd8 Rxd8 30.Rxd6 Rc8 31.Kg1 Kh6 32.Bf1 Re7 33.Nd5 Re1 34.Nb6 Rc6 
35.Nxd7 Rxd6 36.Nxf8 Kh5 37.Rxh7+ Kg4 38.Kf2 Rxf1+ 39.Kxf1 Kf3 40.Rd7 Rc6 
41.Rd3+ Ke4 42.Ke2 1-0

[Event "5th Tungsram it"]
[Site "Baden bei Wien AUT"]
[Date "1980.11.??"]
[Round "11"]
[White "Adorjan, Andras"]
[WhiteElo "2550"]
[Black "Vaganian, Rafael"]
[BlackElo "2590"]
[Result "1/2-1/2"]
[EventDate "1980.10.27"]
[PlyCount "76"]

1.e4 e6 2.d4 d5 3.Nd2 c5 4.Ngf3 Nf6 5.exd5 exd5 6.Bb5+ Bd7 7.Bxd7+ Nbxd7 
8.O-O Be7 9.dxc5 Nxc5 10.Nd4 O-O 11.Nf5 Re8 12.Nxe7+ Qxe7 13.Nf3 Rad8 14.
c3 Nfe4 15.Be3 Rd6 16.Re1 b6 17.Qc2 Rg6 18.Rad1 Qf6 19.Nd4 Ne6 20.Ne2 Rd8 
21.Ng3 Nxg3 22.hxg3 Rg4 23.Rd2 h5 24.Qd1 Qf5 25.Qf3 Qe5 26.Red1 Re4 27.Bd4
Qg5 28.Be3 Qe5 29.Bd4 Qg5 30.Be3 Qe5 31.Rd3 Rd6 32.R1d2 h4 33.gxh4 Rxh4 
34.Rxd5 Rxd5 35.Qxd5 Qh2+ 36.Kf1 Qh1+ 37.Ke2 Qb1 38.a3 Rh1 1/2-1/2

[Event "5th Tungsram it"]
[Site "Baden bei Wien AUT"]
[Date "1980.11.??"]
[Round "12"]
[White "Beliavsky, Alexander"]
[WhiteElo "2590"]
[Black "Adorjan, Andras"]
[BlackElo "2550"]
[Result "1-0"]
[EventDate "1980.10.27"]
[PlyCount "101"]

1.d4 Nf6 2.c4 g6 3.Nc3 d5 4.cxd5 Nxd5 5.e4 Nxc3 6.bxc3 Bg7 7.Nf3 c5 8.Be3 
Qa5 9.Bd2 O-O 10.Be2 Bg4 11.O-O e6 12.a4 Nc6 13.Rb1 Qc7 14.d5 exd5 15.exd5
Na5 16.Qc1 Rfe8 17.Be3 b6 18.Re1 Rad8 19.Bb5 Re4 20.Bg5 Rxe1+ 21.Qxe1 f6 
22.Bh4 Qf7 23.Ne5 fxe5 24.Bxd8 Qxd5 25.Bg5 h6 26.Qd2 Qxd2 27.Bxd2 Be6 28.
Be1 Kf7 29.Rc1 Ke7 30.f3 g5 31.h4 Nb7 32.hxg5 hxg5 33.Bd2 Bf6 34.Kf2 Nd6 
35.Rh1 Bf5 36.Bc6 Kf7 37.Ra1 e4 38.Bd5+ Kg6 39.a5 b5 40.Re1 exf3 41.gxf3 
c4 42.Rg1 Kh6 43.a6 Bc8 44.f4 g4 45.f5+ Kh5 46.Rh1+ Bh4+ 47.Kg2 b4 48.cxb4
Bxa6 49.f6 c3 50.Bf4 Nf7 51.Bxf7# 1-0

[Event "5th Tungsram it"]
[Site "Baden bei Wien AUT"]
[Date "1980.11.??"]
[Round "13"]
[White "Adorjan, Andras"]
[WhiteElo "2550"]
[Black "Holzl, Franz"]
[BlackElo "2415"]
[Result "1-0"]
[EventDate "1980.10.27"]
[PlyCount "83"]

1.c4 Nf6 2.Nc3 c5 3.g3 g6 4.Bg2 Bg7 5.e3 O-O 6.Nge2 Nc6 7.O-O d6 8.d4 Bd7 
9.b3 Rb8 10.Bb2 a6 11.dxc5 dxc5 12.Na4 b6 13.Nf4 Na5 14.Nc3 b5 15.cxb5 
axb5 16.Ne4 Nxe4 17.Bxg7 Kxg7 18.Bxe4 Nb7 19.Rc1 Nd6 20.Bf3 c4 21.Qd4+ Kg8
22.Rfd1 cxb3 23.axb3 Rc8 24.Rxc8 Bxc8 25.h4 h6 26.Qe5 Re8 27.Bd5 Bf5 28.h5
Bg4 29.f3 Bxh5 30.g4 Bxg4 31.fxg4 Qc8 32.Ne6 f6 33.Qb2 Kh7 34.Rc1 Qb8 35.
Rc7 Qb6 36.Qd4 Qa5 37.b4 Qa3 38.Kh2 Kg8 39.Ra7 Qc1 40.Nc7+ Kf8 41.Nxe8 Qe1
42.Nxd6 1-0